000 00672nam a22002177a 4500
003 UA-OsUOA
001 77117
007 ta
008 20110901b un ||||| |||| 00| 0 ukr d
100 _aИзюмова А.
090 _a330
_bИ39
942 _cSA
040 _aUA-OsUOA
_brus
_cUA-OsUOA
_dUA-OsUOA
245 _aРазвитие банковской системы посткризисной экономики: Россия и мировой опыт
300 _aС.27-36
955 _a0
041 _arus
080 _a330
773 0 _w77115
_tМеждународная экономика
_dМ.
_d2011
_g4
650 7 _a330 Економіка взагалі
_2UDC
999 _c363421
_d363421